=LDR 00000nam 2200000 4500 =001 INLIS000000000001554 =005 20130612085944 =008 ***********************************Ind** =035 ##$$0010-061300000001554 =041 ##$$a Ind =082 ##$$a 330.07 =090 ##$$a 330.07, Sug-e =100 ##$$a SUGIYANTO, Katijan =245 ##$$a Ekonomi pendidikan dasar 9 tahun untuk SLTP, Katijan Sugiyanto =260 ##$$a 2000 $b Surakarta =300 ##$$a 136 hlm, ilus, 28 cm =650 ##$$a Ekonomi =650 ##$$a Studi dan Pengajaran =850 ##$$a NBPNMAT